000 00609nam a2200229Ia 4500
003 OSt
005 20221007074208.0
006 a|||||r|||| 00| 0
007 ta
008 221006b |||||||| |||| 00| 0 eng d
024 _a26,700
037 _cTextual
040 _aFLL
_cFLL
_beng
041 _2eng
_aeng
082 _aZ3:86y7, J3
100 _aHastings Patrick
_9692678
245 0 _aCases in court
260 _aMelbourne
_bWilliam Heinemann Ltd. Melbourne
_c1953
300 _axv,1-342p
_ccm.
942 _hZ3:86y7, J3
_cTEXL
_2CC
999 _c1151499
_d1151499